Jihlavský cín : katalog výstavy, Brno, od 18.12.1970 do 15.2.1971

Jazyk: Čeština
Vydáno: Brno : Technické muzeum, 1971
Témata:
Fyzický popis: 10 nečíslovaných stran : ilustrace ; příč. 8°
Knihy
Uloženo v:
LEADER 01663nam a22004212i 4500
001 001595643
003 CZ BrMZK
005 20180510141107.0
007 ta
008 170919s1970 xr a erc||||||||||cze d
015 |a cnb000454232 
035 |a (OCoLC)42102247 
040 |a ABA001  |b cze  |c ABA001  |d ABA001  |d BOA001  |e rda 
043 |a e-xr---  |b e-xr-vy  |2 czenas 
045 |a u-w- 
072 7 |a 73  |x Sochařství, keramika, porcelán, umělecké zpracování kovů  |2 Konspekt  |9 21 
080 |a 739.5.05-034.6  |2 MRF 
080 |a 673.8  |2 MRF 
080 |a (437.324)  |2 MRF 
080 |a (083.824)  |2 MRF 
245 0 0 |a Jihlavský cín :  |b katalog výstavy, Brno, od 18.12.1970 do 15.2.1971 
264 1 |a Brno :  |b Technické muzeum,  |c 1971 
300 |a 10 nečíslovaných stran :  |b ilustrace ;  |c příč. 8° 
336 |a text  |b txt  |2 rdacontent 
337 |a bez média  |b n  |2 rdamedia 
338 |a svazek  |b nc  |2 rdacarrier 
500 |a Spoluvyd. Muzeum Vysočiny v Jihlavě 
648 7 |a 17.-19. století  |7 ch757025 
650 0 7 |a umělecké předměty z cínu  |7 ph135221  |z Česko  |y 17.-19. století  |2 czenas 
650 0 7 |a cínové předměty  |7 ph119286  |z Česko  |y 17.-19. století  |2 czenas 
651 7 |a Jihlava (Česko)  |7 ge129468  |2 czenas 
655 7 |a katalogy výstav  |7 fd132536  |2 czenas 
910 |a BOA001  |b X-0655.892 
990 |a BK 
991 |b 201709 
996 6 |b 2618912428  |c X-0655.892  |l MZK  |r Sklad / do 24 hodin  |n 0  |w 001630955  |u 000030  |a 1  |e BOA001  |j MZK50  |s P 
996 7 |b 2618912429  |c X-0655.892  |l MZK  |r Sklad / do 24 hodin  |n 0  |w 001630955  |u 000020  |a 1  |e BOA001  |j MZK50  |s A 
996 7 |b 2618912430  |c X-0655.892  |l MZK  |r Sklad / do 24 hodin  |n 0  |w 001630955  |u 000010  |a 1  |e BOA001  |j MZK50  |s A